000 00973pam a2200325 a 4500
999 _c2128
_d2128
001 014686869
003 Uk
005 20230309094635.0
008 080729s2008 enka j 000 1 eng d
015 _aGBA897306
_2bnb
016 7 _a014686869
_2Uk
020 _a9781847150486 (pbk.) :
040 _aStDuBDS
_beng
_cStDuBDS
_dUk
_dKH8
042 _aukblcatcopy
082 0 4 _a823.914 MAC
_222
100 1 _aMacDonald, Alan,
_d1958-
_eauthor
245 1 0 _aCrackers! /
_cAlan MacDonald ; illustrated by David Roberts.
260 _aLondon :
_bStripes,
_c2008.
300 _a94 p. :
_bill. ;
_c20 cm.
336 _atext
_2rdacontent
337 _aunmediated
_2rdamedia
338 _avolume
_2rdacarrier
490 0 _aDirty Bertie
500 _aFormerly CIP.
_5Uk
650 0 _aDirty Bertie (Fictitious character)
_vJuvenile fiction.
655 0 _aChildren's stories.
655 0 _aChristmas stories.
700 1 _aRoberts, David,
_d1970-
_eillustrator
942 _2ddc
_cNFIC